Vida admirable del siervo de Dios P. Antonio María Claret fundador de la Congregación de los Misioneros Hijos del Inmaculado Corazón de María / por el Rdo. Padre Mariano Aguilar miembro de dicho Instituto

Detalles Bibliográficos
Autor principal: Aguilar, Mariano, C. M. F.
Formato: Libro
Lenguaje:Spanish
Publicado: Madrid : establecimiento tipográfico de San Francisco de Sales, 1894.
Materias:
Colección:Banco de datos
Acervo:Seminario Conciliar de Nuestra Señora de Guadalupe Querétaro. Qro.. Biblioteca Florencio Rosas. Fondo Histórico
Descripción Física:2 t. : il. ; 22 cm.
Tema general:Hagiografía
Notas:Texto con signaturas y notas a pie de página. Cada tomo con portada y paginación propias. Los t. 1-2 publicados en 1894. Paginación: t. 1 VI p., [1] h., 638 p., [1] h. + [7] h. de grab.; t. 2 536 p., [1] h. + [7] h. de grab. Encuadernación editorial en tela (17652-17658). Ex libris manuscrito en la guarda anterior: "Un recuerdo del M. R. P. Santiago [...] Misionero del Inmaculado Corazón de María, México, mayo 1° de 1907 Pbro. Pablo Camacho" (17656). Ex libris manuscrito en la guarda anterior: "P. Camacho" (17657). Ex libris en estampa en el verso de la tapa superior de la Biblioteca del Pbro. Pablo Camacho (17656-17657). Sello en tinta de la Biblioteca del Seminario, Querétaro (17654-17655)
LEADER 01773nam a22002050004500
035 |a 8647 
041 0 |a spa 
100 1 |a Aguilar, Mariano, C. M. F. 
245 1 0 |a Vida admirable del siervo de Dios P. Antonio María Claret fundador de la Congregación de los Misioneros Hijos del Inmaculado Corazón de María / por el Rdo. Padre Mariano Aguilar miembro de dicho Instituto 
260 |a Madrid : establecimiento tipográfico de San Francisco de Sales, 1894.  
300 |a 2 t. : il. ; 22 cm. 
500 |a Texto con signaturas y notas a pie de página. Cada tomo con portada y paginación propias. Los t. 1-2 publicados en 1894. Paginación: t. 1 VI p., [1] h., 638 p., [1] h. + [7] h. de grab.; t. 2 536 p., [1] h. + [7] h. de grab. Encuadernación editorial en tela (17652-17658). Ex libris manuscrito en la guarda anterior: "Un recuerdo del M. R. P. Santiago [...] Misionero del Inmaculado Corazón de María, México, mayo 1° de 1907 Pbro. Pablo Camacho" (17656). Ex libris manuscrito en la guarda anterior: "P. Camacho" (17657). Ex libris en estampa en el verso de la tapa superior de la Biblioteca del Pbro. Pablo Camacho (17656-17657). Sello en tinta de la Biblioteca del Seminario, Querétaro (17654-17655) 
504 |a Incluyen índice de contenido 
505 0 0 |a t. 1 Parte primera (1807-1849). Parte segunda (1849-1857).-- t. 2 Parte tercera (Desde que fue confesor de la Reina hasta su muerte) 
600 1 4 |a Antonio María Claret y Clará, santo, 1807-1870 - Biografías 
650 1 0 |a Hagiografía 
949 |a Fondo Histórico: t. 1 (17652, 17654, 17656, 17658); t. 2 (17653, 17655, 17657) 
942 |c Q.R.H.T 
943 |g Seminario Conciliar de Nuestra Señora de Guadalupe Querétaro. Qro.. Biblioteca Florencio Rosas. Fondo Histórico 
999 |c 1090102  |d 1090102